Chaîne de pays frontaliers - Mort subite - Statistiques

Statistiques générales
  • Ce quiz a été pris 155 fois
  • Le résultat moyen est 6 sur 20
Answers on the Grid
Answers color-coded by a green-red scale on the quiz's grid according to % correct below.
Canada
Etats-Unis
Mexique
Guatemala
Honduras
Nicaragua
Costa Rica
Panama
Colombie
Brésil
France
Allemagne
Pologne
Russie
Chine
Viêt Nam
Cambodge
Thaïlande
Malaisie
Brunei
Chili
Portugal
Maroc
Hongrie
Liechtenstein
Iran
Corée du Sud
Timor Oriental
Turquie
Suède
Egypte
Turkménistan
Bulgarie
Bangladesh
Syrie
Ouzbékistan
 
Statistiques - réponses
Réponse % Correct
France
40%
Etats-Unis
38%
Mexique
38%
Canada
37%
Brésil
36%
Allemagne
34%
Colombie
34%
Guatemala
32%
Panama
32%
Russie
31%
Costa Rica
30%
Honduras
30%
Nicaragua
27%
Chine
26%
Pologne
24%
Thaïlande
21%
Malaisie
17%
Viêt Nam
17%
Cambodge
16%
Brunei
10%
Aucun quiz correspondant
Distribution des résultats
% des personnes avec chaque résultat
Percentile par nombre de réponses
Votre historique - résultats
Vous n’avez pas pris ce quiz